000 00329nam a2200109Ia 4500
008 171204s9999 xx 000 0 und d
245 _aStrategic Marketing In Fragile Economic Conditions:
245 _cIrene Samanta
260 _c2015
650 _xMARKETING MANAGEMENT
856 _uhttp://down.ebook777.com/StrMarInFraEcoCon.pdf
999 _c347066
_d347066